| 000 | 00371nam a22001457a 4500 | ||
|---|---|---|---|
| 005 | 20251223120207.0 | ||
| 008 | 251223b |||||||| |||| 00| 0 eng d | ||
| 020 | _a9781906381479 | ||
| 050 |
_aHQ 32 .P452009 _bC.2 |
||
| 100 | _aPelt Nancy Van | ||
| 245 | _aDANGEROUS RELATIONS | ||
| 260 |
_aLincolnshire _bAutumn House _c2009 |
||
| 300 | _aINC. ILL, | ||
| 942 |
_2lcc _cBK |
||
| 999 |
_c216387 _d216387 |
||